| 000 | 00827nam a2200253 a 4500 | ||
|---|---|---|---|
| 001 | 000027722 | ||
| 003 | DO-SdBNP | ||
| 005 | 20260127093501.0 | ||
| 008 | 110404s2007 dr 001 0 spa d | ||
| 020 | _a9789945854725 | ||
| 040 |
_aDO-SdBNP _bspa _cBNPHU |
||
| 082 | 4 |
_a158.1 _bH632u _222 |
|
| 100 | 1 |
_aHidalgo, Saulo _9386 |
|
| 245 | 1 | 0 |
_a¡Usted puede! : _bprincipios para una vida de victoria / _cSaulo Hidalgo. |
| 260 |
_aSanto Domingo : _bTele-3, _c2007. |
||
| 300 |
_a163 p. ; _c18 cm. |
||
| 590 | _aLa biblioteca posee 1 ejemplar autografiado por el autor | ||
| 590 | _aInventariado, 2018/MFF | ||
| 650 | 7 |
_aAutorrealización (Psicología) _9211 _2LEMB |
|
| 650 | 7 |
_aAutoestima _9212 _2LIBRUNAM |
|
| 650 | 7 |
_aConducta de vida _911947 _2LIBRUNAM |
|
| 910 | _aValidado. Control de calidad EMS | ||
| 942 |
_2ddc _cLBS1 |
||
| 999 |
_c27214 _d27214 |
||